ශබ්දාවර්ුත්ති ප්රකාශයෝ (Record no. 84902)
[ view plain ]
| 000 -LEADER | |
|---|---|
| fixed length control field | 00579nam a2200193Ia 4500 |
| 003 - CONTROL NUMBER IDENTIFIER | |
| control field | LK-CoDNM |
| 005 - DATE AND TIME OF LATEST TRANSACTION | |
| control field | 20240314150815.0 |
| 008 - FIXED-LENGTH DATA ELEMENTS--GENERAL INFORMATION | |
| fixed length control field | 010623t1899 xxu||||| |||| 00| 1 Pali d |
| 040 ## - CATALOGING SOURCE | |
| Original cataloging agency | LK-CoDNM |
| Modifying agency | LK-CoDNM |
| Description conventions | LK-CoDNM |
| 041 ## - LANGUAGE CODE | |
| Language code of text/sound track or separate title | |
| -- | Sinhala; Sinhalese |
| 080 ## - UNIVERSAL DECIMAL CLASSIFICATION NUMBER | |
| Universal Decimal Classification number | 104 EE39 |
| 942 ## - ADDED ENTRY ELEMENTS (KOHA) | |
| Koha item type | Books |
| 100 ## - MAIN ENTRY--PERSONAL NAME | |
| Personal name | Naanathilaka thero, |
| 700 ## - ADDED ENTRY--PERSONAL NAME | |
| Personal name | Saddharma garu thero |
| 245 ## - TITLE STATEMENT | |
| Title | ශබ්දාවර්ුත්ති ප්රකාශයෝ |
| 246 ## - VARYING FORM OF TITLE | |
| Title proper/short title | Shabdaavruththi prakaashayoo |
| 260 ## - PUBLICATION, DISTRIBUTION, ETC. (IMPRINT) | |
| Name of publisher, distributor, etc. | O.K.De Silva T.S.De.S.Munidaasa |
| Place of publication, distribution, etc. | Welitota |
| Date of publication, distribution, etc. | 1899 |
| 300 ## - PHYSICAL DESCRIPTION | |
| Other physical details | Damaged |
| Extent | 71p.,21 cm |
| Withdrawn status | Lost status | Damaged status | Not for loan | Collection code | Permanent Location | Current Location | Date acquired | Full call number | Barcode | Koha item type |
|---|---|---|---|---|---|---|---|---|---|---|
| Monographs | Library National Museum Colombo - Sri Lanka | Library National Museum Colombo - Sri Lanka | 2023-08-02 | 104 EE39 | OB1636-6 | Books |


